| 000 | 00430nam a2200097Ia 4500 | ||
|---|---|---|---|
| 008 | 160725s9999 xx 000 0 und d | ||
| 100 | _aIgnacio, Aris E. | ||
| 245 | 2 | _aA verification of the student outcomes in the BSIT program using the implementation of the SISC alumni tracer for BSN as a basis of evaluation. | |
| 260 |
_bKaizen Research Journal College of Information Technology _cJanuary 2014 |
||
| 650 | _aINFORMATION TECHNOLOGY | ||
| 999 |
_c298007 _d298007 |
||